000 00896cam a2200289 4500
002 ##761
008 090401t1996 xxu||||| |||| 00| 0 eng d
020 _a0854067787
035 _a(Sirsi) u66018
041 0 _aeng
050 0 4 _a338.181 $2 18
090 _aRICS 1996/88ABCD
110 2 _aRoyal Institution of Chartered Surveyors
_94900
245 0 0 _aRICS guidance notes on conduct of farm quota agents
250 _a2nd ed.
260 _aLondon
_bRICS
_c1996
300 _a11p.
_c30cm.
350 _a7.50
490 0 _aRICS Guidance Note
520 _aProvides informative advice on the RICS regulations relating to quota.
520 _aWithdrawn 1 October 2006. Supersedes first edition (ISBN 0854066306).
650 2 4 _aRICS BYE-LAW 19
651 4 _aEngland and Wales
_y1543-
690 _aENVIRONMENTAL AND LAND CONSULTANCY-AGRIBUSINESS
942 _n0
948 _c04/03/1997
999 _c94810
_d94810